Peace with God. (Record no. 4662)

MARC details
000 -LEADER
fixed length control field 01724cam a22003971 4500
001 - CONTROL NUMBER
control field 455039
003 - CONTROL NUMBER IDENTIFIER
control field GBCCL
005 - DATE AND TIME OF LATEST TRANSACTION
control field 20241126110523.0
008 - FIXED-LENGTH DATA ELEMENTS--GENERAL INFORMATION
fixed length control field 730109s1953 nyu 000 0 eng
010 ## -
-- 53005967
029 1# -
-- AU@
-- 000000634899
029 1# -
-- NLGGC
-- 842718958
035 ## - SYSTEM CONTROL NUMBER
System control number (OCoLC)ocm00964422
035 ## - SYSTEM CONTROL NUMBER
System control number (OCoLC)964422
Canceled/invalid control number (OCoLC)9733896
-- (OCoLC)817600497
040 ## - CATALOGING SOURCE
Original cataloging agency DLC
Language of cataloging eng
Transcribing agency DLC
Modifying agency BAKER
-- BTCTA
-- HNW
-- WY@
-- OCLCO
-- OCLCF
-- CFT
-- OCLCQ
-- OCLCO
-- LBB
049 ## -
-- LBBA
-- 1-2
050 00 -
-- BT77
-- .G78
082 00 - DEWEY DECIMAL CLASSIFICATION NUMBER
Classification number 230
Item number GRA
090 ## - LOCALLY ASSIGNED LC-TYPE CALL NUMBER (OCLC); LOCAL CALL NUMBER (RLIN)
Classification number (OCLC) (R) ; Classification number, CALL (RLIN) (NR) BT77
Local cutter number (OCLC) ; Book number/undivided call number, CALL (RLIN) .G78
100 1# - MAIN ENTRY--PERSONAL NAME
Personal name Graham, Billy,
Dates associated with a name 1918-
9 (RLIN) 449
245 10 - TITLE STATEMENT
Title Peace with God.
250 ## - EDITION STATEMENT
Edition statement [1st ed.].
260 ## - PUBLICATION, DISTRIBUTION, ETC.
Place of publication, distribution, etc. Garden City, N.Y.,
Name of publisher, distributor, etc. Doubleday,
Date of publication, distribution, etc. 1953.
300 ## - PHYSICAL DESCRIPTION
Extent 222 pages ;
Dimensions 22 cm
336 ## - CONTENT TYPE
Content type term text
Content type code txt
Source rdacontent
337 ## - MEDIA TYPE
Media type term unmediated
Media type code n
Source rdamedia
338 ## - CARRIER TYPE
Carrier type term volume
Carrier type code nc
Source rdacarrier
505 0# - FORMATTED CONTENTS NOTE
Formatted contents note The quest -- The Bible -- God -- Sin -- The devil -- After death--what? -- Why Jesus came -- How and where to begin -- Repent -- Faith -- The new birth -- How to be sure -- Enemies of the Christian -- Rules of the Christian life -- The Christian and the church -- Social obligations of the Christian -- The future of the Christian -- Peace--at last.
650 #0 - SUBJECT ADDED ENTRY--TOPICAL TERM
Topical term or geographic name entry element Theology, Doctrinal
Form subdivision Popular works.
9 (RLIN) 2476
650 #0 - SUBJECT ADDED ENTRY--TOPICAL TERM
Topical term or geographic name entry element Christian life
General subdivision Baptist authors.
9 (RLIN) 223
650 #7 - SUBJECT ADDED ENTRY--TOPICAL TERM
Topical term or geographic name entry element Christian life
General subdivision Baptist authors.
Source of heading or term fast
Authority record control number or standard number (OCoLC)fst01750774
9 (RLIN) 223
650 #7 - SUBJECT ADDED ENTRY--TOPICAL TERM
Topical term or geographic name entry element Theology, Doctrinal.
Source of heading or term fast
Authority record control number or standard number (OCoLC)fst01149617
9 (RLIN) 14
655 #7 - INDEX TERM--GENRE/FORM
Genre/form data or focus term Popular works.
Source of term fast
Authority record control number or standard number (OCoLC)fst01423846
9 (RLIN) 2478
776 08 - ADDITIONAL PHYSICAL FORM ENTRY
Relationship information Online version:
Main entry heading Graham, Billy, 1918-
Title Peace with God.
Edition [1st ed.].
Place, publisher, and date of publication Garden City, N.Y., Doubleday, 1953
Record control number (OCoLC)654516168
942 ## - ADDED ENTRY ELEMENTS (KOHA)
Source of classification or shelving scheme Dewey Decimal Classification
Koha item type Books
Koha issues (borrowed), all copies 2
Holdings
Withdrawn status Lost status Source of classification or shelving scheme Damaged status Not for loan Home library Current Library Shelving location Date acquired Total checkouts Full call number Barcode Date last seen Date last checked out Copy number Price effective from Koha item type
    Dewey Decimal Classification     GRACE BIBLE COLLEGE GRACE BIBLE COLLEGE Theology 2018-01-30 2 230 GRA 006954 2025-05-01 2023-08-18 c.8 2018-01-30 Books
    Dewey Decimal Classification     GRACE BIBLE COLLEGE GRACE BIBLE COLLEGE Theology 2021-07-14   230 GRA 020318 2025-05-01   c.2 2021-07-14 Books
© Grace Bible College Library 2025